Campeonato Inglês de Futebol - Equipes que ganharam até 14/15 - Statistics

Estatísticas Gerais
  • Esse quiz foi jogado 691 vezes
  • A pontuação média é 13 de 23
Estatísticas das Respostas
Títulos Letra Inicial Clube % Correto
20 M MANCHESTER UNITED
99%
18 L LIVERPOOL
98%
13 A ARSENAL
96%
4 M MANCHESTER CITY
87%
9 E EVERTON
85%
5 C CHELSEA
83%
7 A ASTON VILLA
80%
4 N NEWCASTLE
59%
2 T TOTTENHAM HOTSPUR
58%
1 W WEST BROMWICH ALBION
55%
6 S SUNDERLAND
51%
3 W WOLVERHAMPTON WANDERERS
49%
1 N NOTTINGHAM FOREST
44%
3 B BLACKBURN ROVERS
36%
3 L LEEDS UNITED
34%
2 B BURNLEY
32%
1 I IPSWICH TOWN
32%
4 S SHEFFIELD WEDNESDAY
32%
2 D DERBY COUNTY
31%
2 P PORTSMOUTH
31%
3 H HUDDERSFIELD TOWN
30%
1 S SHEFFIELD UNITED
28%
2 P PRESTON NORTH END
27%
Nenhum quiz correspondente encontrado
Distribuição das Pontuações
Porcentagem de Pessoas com Cada Pontuação
Percentil de Números Respondidos
Sua Pontuação Histórica
Você não jogou esse quiz